000
00231nam a2200097Ia 4500
008
240331s9999 xx 000 0 und d
082
_b
PAN
100
_a
Panchangam, K
245
0
_a
Penn mozhi punaivu :
_b
essays on feminism
942
_c
L
999
_c
1684
_d
1684